The front / (Record no. 356382)
[ view plain ]
| 000 -LEADER | |
|---|---|
| fixed length control field | 00365nam a2200133Ia 4500 |
| 008 - FIXED-LENGTH DATA ELEMENTS--GENERAL INFORMATION | |
| fixed length control field | 180430s9999 xx 000 0 und d |
| 020 ## - INTERNATIONAL STANDARD BOOK NUMBER | |
| International Standard Book Number | 9780425228289 |
| 100 ## - MAIN ENTRY--PERSONAL NAME | |
| Personal name | Cornwell, Patricia |
| 245 #4 - TITLE STATEMENT | |
| Title | The front / |
| 260 ## - PUBLICATION, DISTRIBUTION, ETC. (IMPRINT) | |
| Place of publication, distribution, etc | USA: |
| Name of publisher, distributor, etc | Berkley books |
| Date of publication, distribution, etc | 2008 |
| 300 ## - PHYSICAL DESCRIPTION | |
| Extent | 304 pages |
| 650 ## - SUBJECT ADDED ENTRY--TOPICAL TERM | |
| Topical term or geographic name as entry element | Massachusetts -- Fiction. |
| 650 ## - SUBJECT ADDED ENTRY--TOPICAL TERM | |
| Topical term or geographic name as entry element | Police -- Massachusetts -- Fiction. |
| Withdrawn status | Lost status | Damaged status | Home library | Current library | Shelving location | Date acquired | Source of acquisition | Total Checkouts | Full call number | Barcode | Date last seen | Price effective from | Koha item type |
|---|---|---|---|---|---|---|---|---|---|---|---|---|---|
| College Library | College Library | Fiction Section | 04/30/2018 | PS 3553.O692 .C821 2008 | C21484 | 05/08/2018 | 04/30/2018 | Books |